Movies Quiz

Random Movies or Actress Quiz

Oscar Role by Occupation Quiz Stats

 Plays Quiz Updated Feb 27, 2019

Score 0/36 Timer 10:00
1 Play Today
Career Actor or Actress % Correct
PrisonerAnthony Hopkins - The Silence of the Lambs
81.8%
Commissioned OfficerRussell Crowe - Gladiator
62.1%
RoyaltyHelen Mirren - The Queen
60.3%
Commissioned OfficerGeorge C. Scott - Patton
57%
CriminalKevin Spacey - The Usual Suspects
51.9%
Law EnforcementGene Hackman - The French Connection
48.2%
SingerSissy Spacek - Coal Miner's Daughter
46.7%
Law EnforcementDenzel Washington - Training Day
45.2%
CriminalCharlize Theron - Monster
42.9%
RoyaltyLaurence Olivier - Hamlet
42.1%
Commissioned OfficerAl Pacino - Scent of a Woman
42%
RoyaltyYul Brynner - The King and I
38%
RoyaltyJudi Dench - Shakespeare in Love
37.9%
Law EnforcementFrances McDormand - Fargo
35.5%
RoyaltyColin Firth - The King's Speech
34.2%
CriminalJoe Pesci - Goodfellas
33.3%
SingerMarion Cotillard - La Vie en Rose
31%
SingerJennifer Hudson - Dreamgirls
29.4%
Career Actor or Actress % Correct
Enlisted SoldierGary Cooper - Sergeant York
28.4%
RoyaltyKatharine Hepburn - The Lion in Winter
25.8%
SingerJames Cagney - Yankee Doodle Dandy
25.3%
Enlisted SoldierFrank Sinatra - From Here to Eternity
25.3%
SingerLiza Minnelli - Cabaret
24.8%
CriminalSean Penn - Mystic River
21.5%
Commissioned OfficerJack Lemmon - Mister Roberts
19.4%
Law EnforcementRod Steiger - In the Heat of the Night
14.8%
Law EnforcementSean Connery - The Untouchables
14.8%
Enlisted SoldierHarold Russell - Best Years of Our Lives
14.4%
PrisonerWilliam Hurt - Kiss of the Spider Woman
11.6%
Enlisted SoldierChristopher Walken - The Deer Hunter
11.4%
Commissioned OfficerAlec Guinness - The Bridge on the River Kwai
9.7%
Enlisted SoldierLouis Gossett, Jr - An Officer and a Gentleman
9.1%
PrisonerSusan Hayward - I Want to Live!
8.5%
PrisonerGeorge Kennedy - Cool Hand Luke
7.8%
CriminalKevin Kline - A Fish Called Wanda
7.6%
PrisonerWilliam Holden - Stalag 17
7.3%

You're not logged in!

Compare scores with friends on all Sporcle quizzes.
OR
Log In

Show Comments

Extras

Top Quizzes Today


Score Distribution

Your Account Isn't Verified!

In order to create a playlist on Sporcle, you need to verify the email address you used during registration. Go to your Sporcle Settings to finish the process.

Report this User

Report this user for behavior that violates our Community Guidelines.

Details: